000
00341cam a2200145ua 4500
041
_a
eng
_h
082
_a
823.308
_b
ELI/RO
100
_a
Eliot, George.
245
_a
Romola /
_c
George Eliot.
_h
Textual Documents
260
_a
London :
_b
J M dent & Son Ltd ,
_c
1961.
300
_a
578 ; .
504
_a
942
_c
BK
999
_c
3439
_d
3439